Capital Cities Of Non-Independent Countries - Statistics

General Stats
  • This quiz has been taken 55 times
  • The average score is 23 of 50
Answer Stats
Non-Independent Country Capital City % Correct
England London
100%
Scotland Edinburgh
95%
Wales Cardiff
88%
Hong Kong Hong Kong
88%
Macau Macau
88%
Northern Ireland Belfast
86%
Greenland Nuuk
86%
Puerto Rico San Juan
86%
Gibraltar Gibraltar
83%
Catalonia Barcelona
79%
Bavaria Munich
79%
Sicily Palermo
69%
French Guyana Cayenne
60%
Tibet Lhasa
60%
Corsica Ajaccio
55%
Isle of Man Douglas
52%
Sardinia Cagliari
50%
Falkland Islands Stanley
50%
Kurdmenistan Erbil
48%
New Caledonia Nouméa
45%
Transylvania Cluj-Napoca
43%
Brittany Rennes
43%
Bermuda Hamilton
40%
Saint Pierre and Miquelon Saint-Pierre
40%
Siberia Novosibirsk
38%
French Polynesia Papeete
38%
Curacao Willemstad
38%
Guadeloupe Basse-Terre
36%
Pitcairn Islands Adamstown
33%
Somaliland Hargeisa
33%
Vojvodina Novi Sad
33%
American Samoa Pago Pago
33%
Martinique Fort-de-France
31%
Northern Cyprus North Nicosia
31%
Cayman Islands George Town
29%
Svalbard Longyearbyen
29%
Crimea Simferopol
29%
Basque Vitoria-Gasteiz
29%
Anguilla The Valley
26%
Montserrat Plymouth
24%
Guam Hagåtña
21%
Aland Islands Mariehamn
21%
Northern Mariana Islands Saipan
21%
Zanzibar Zanzibar City
21%
Niue Alofi
19%
Christmas Island Flying Fish Cove
19%
Saint Helena Jamestown
19%
Turks and Caicos Islands Cockburn Town
14%
Western Sahara El Aaiún
14%
Tokelau Fakaofo
5%
No matching quizzes found
Score Distribution
Percent of People with Each Score
Percentile by Number Answered
Your Score History
You have not taken this quiz